00486nam a22001577a 450000500170000001000140001702000260003103500130005703700130007008200170008310000230010024500740012326000400019727000650023730000260030220100802122019.0 aENG-97663 a9788131718353c595.00 aEN-81196 bDBAD/PUB a347.54014092 aIyer, V.R. Krishna aWandering in many worlds :ban autobiography /cby V. R. Krishna Iyer aNew DelhibDorling Kindersleyc2009 a14 Local Shopping Centre, Panchsheel ParkbNew Delhie110017 axii, 308p.c23cm (Hb)